| 000 | 01694nam0a22003131 4500 | ||
|---|---|---|---|
| 001 | rc\3553982 | ||
| 005 | 20260406184430.0 | ||
| 021 |
_aRU _b[69-103063] |
||
| 035 | _a(NLR Aleph) 007676439 | ||
| 090 |
_a6490926 _c6490926 |
||
| 100 | _a20130115d1969 u y0rusy50 ca | ||
| 101 | 0 | _arus | |
| 102 | _aRU | ||
| 105 | _aa z ||||| | ||
| 200 | 1 |
_aВопросы клинической лабораторной диагностики _eСборник науч. работ, посвящ. 80-летию почетного пред. Всесоюз. науч. о-ва врачей-лаборантов проф. Е.А. Кост _f[Ред. коллегия: В.Т. Морозова (гл. ред.) и др.] _gМ-во здравоохранения СССР. Всесоюз. науч. о-во врачей-лаборантов. Журн. "Лабораторное дело" |
|
| 210 |
_aМосква _cБ. и. _d1969 |
||
| 215 |
_a245 с. _cил. _d25 |
||
| 300 | _aОписано по пер. На тит. л. только подзаголовок | ||
| 320 | _aБиблиогр. в конце работ | ||
| 606 |
_aДиагностика лабораторная _jСборники _2psbo |
||
| 702 | 1 |
_aКост _bЕ.А. _gЕкатерина Андреевна _4570 |
|
| 702 | 1 |
_4340 _8rus _7ca _aМорозова _bВ. Т. _cд-р мед. наук _f1927-2021 _gВиктория Тазаретовна _3RU\NLR\AUTH\7736888 _919877 |
|
| 712 | 0 | 2 |
_aВсесоюзное научное общество врачей-лаборантов _3RU\NLR\AUTH\889949796 _9395324 |
| 801 | 0 |
_aRU _bNLR _gpsbo |
|
| 801 | 1 |
_aRU _bELAR _2rusmarc |
|
| 852 |
_aNLR _j69-7/2329 |
||
| 942 | _cBOOK | ||
| 980 | _aNB | ||